01049cas a22003137a 450000500170000000800410001701000100005801100100006802200140007803500100009224500300010226000370013230000160016931000140018536200190019959000410021859000410025959000410030059000420034165000490038386600540043286600560048686600540054286600560059686600360065290100070068890500230069599900170071820220329142012.0990119c1973 uk br p rnn 0 0b1eng d a76899 a778710 a0733-5210 a8762100aJournal of Cereal Science0 aLondon :bAcademic Press,c1973- av. :bilus. aBimensual1 av.28 n.2, 1998 aBATCH-UPDb10c20130110lUCH01h0741 aBATCH-UPDb10c20130410lUCH01h0423 aBATCH-UPDb10c20130914lUCH01h0915 aCONVERSIONb10c20130109lUCH01h134214aCerealesxPublicaciones periódicas.921459 av. 29 n. 1 (January 1999) - v. 37 n. 3 (May 2003) av. 38 n. 1 (July 2003) - v. 38 n. 3 (November 2003) av. 43 n. 1 (January 2006) - v. 49 n. 3 (May 2009) av. 50 n. 1 (July 2009) - v. 50 n. 3 (November 2009) av.25 n.1-v.28 n.3 - (1997-1998) aSE aLilia Sánchez G. c76899d76899